000 00764nam a2200181 i 4500
001 151464
003 ES-MaACL
005 20250730063133.0
008 931025m18171822sp |||| | spa d
100 2 _aAmat de Palou y Pont, Félix,
_d1750-1824
_9125652
245 1 0 _aObservaciones pacíficas sobre la potestad eclesiastica /
_cdadas á luz por Macario Padua Melato.
260 _aBarcelona :
_b[s.n.],
_c1817-1822 (
_fImprenta de Tecla Pla Viuda, administrada por Vicente Verdaguer)
300 _a3 v. (318; 547; 456, 30 p., [16] f.) ;
_c22 cm.
594 _aMacario Padua Melató es seud. de Félix Amat de Palau y Pont.
852 _aES-MaACL
_jC-3796
_z-- Enc. hol.
_q-- Sólo T. I
_z.- Donativo Bosch
942 _2udc
999 _c151464
_d151464